000 00721nam a2200229 i 4500
003 DO-SdBNP
005 20250611153454.0
007 ta
008 250611b1979 dr c|||| |||| 00| 0 spa d
040 _aDO-SdBNP
_bspa
_cBNPHU
_erda
082 4 _222
_axxx
_bxxx
111 0 _a(Foro latinoamericano de leonismo
_cSanto Domingo, República Dominicana)
_dEnero 24-27
_n8 :
_988073
245 0 0 _aMemoria
264 _aSanto Domingo :
_bClub de Leones;
_bEditorial Stella,
_c1979.
300 _a315 páginas :
_bretratos,
_c21 cm.
336 _atexto
_btxt
_2rdacontent
337 _asin mediación
_bn
_2rdamedia
338 _avolumen
_bnc
_2rdacarrier
590 _aInventariado, 2025/BT
910 _aBtavárez
942 _2ddc
_cLBS1
999 _c59242
_d59242